书目信息 |
| 题名: |
工程数学习题课精讲
|
|
| 作者: | 赵玉环 编 | |
| 分册: | ||
| 出版信息: | 天津 天津大学出版社 1999.08 |
|
| 页数: | 329页 | |
| 开本: | 32开 | |
| 丛书名: | ||
| 单 册: | ||
| 中图分类: | TB11-44 | |
| 科图分类: | ||
| 主题词: | 工程数学 | |
| 电子资源: | ||
| ISBN: | 7-5618-1227-2 | |
| 000 | 00539nam0 2200181 45 | |
| 001 | 0010110973 | |
| 005 | 20060531095619.78 | |
| 010 | @a7-5618-1227-2@d16.00元 | |
| 100 | @a20001011d1999 km y0chiy0120 ea | |
| 101 | 0 | @achi |
| 200 | 1 | @a工程数学习题课精讲@AGong Cheng Shu Xue Xi Ti Ke Jing Jiang@f赵玉环等编@FZhao Yu Huan Deng Bian |
| 210 | @a天津@c天津大学出版社@d1999.08 | |
| 215 | @a329页@d32开 | |
| 606 | 0 | @a工程数学 |
| 690 | @aTB11-44@v3 | |
| 701 | 0 | @a赵玉环@4编 |
| 801 | @aCN@bPftUser@c20060531 | |
| 905 | @dTB11-44@eZH335@b510208-213@f6 | |
| 工程数学习题课精讲/赵玉环等编.-天津:天津大学出版社,1999.08 |
| 329页;32开 |
| ISBN 7-5618-1227-2:16.00元 |
| ● |
| 相关链接 |
|
|
|
正题名:工程数学习题课精讲
索取号:TB11-44/ZH335
 
预约/预借
| 序号 | 登录号 | 条形码 | 馆藏地/架位号 | 状态 | 备注 |
| 1 | 308711 | 203087113 | 自科二线504/504自科库 11排4列2层/ [索取号:TB11-44/ZH335] | 在馆 | |
| 2 | 510208 | 205102084 | 自科二线504/504自科库 11排4列2层/ [索取号:TB11-44/ZH335] | 在馆 | |
| 3 | 510209 | 205102093 | 自科二线504/504自科库 11排4列2层/ [索取号:TB11-44/ZH335] | 在馆 | |
| 4 | 510210 | 205102100 | 自科二线504/504自科库 40排2列1层/ [索取号:TB11-44/ZH335] | 在馆 | |
| 5 | 510211 | 205102119 | 自科二线504/504自科库 40排2列1层/ [索取号:TB11-44/ZH335] | 在馆 | |
| 6 | 510212 | 205102128 | 自科二线504/504自科库 40排2列1层/ [索取号:TB11-44/ZH335] | 在馆 | |
| 7 | 510213 | 205102137 | 自科二线504/504自科库 11排4列2层/ [索取号:TB11-44/ZH335] | 在馆 |